000
00209 a2200097 4500
020
_a
9780972014854
041
_a
spa
100
_a
Mayer gloria
245
_a
Que hacer para los niǫs con sobrepeso
942
_c
BK
999
_c
9022
_d
9022